000 01732nam a22002777a 4500
003 DO-SdBNP
005 20230222082346.0
007 ta
008 211112b2012 pr | 00| 0 spa d
020 _a9786124059612
040 _aDO-SdBNP
_bspa
_cBPMSU
082 _a923.27293
_bJ64J 2012
_222
100 1 _aJofré, Manuel
245 1 0 _aJuan Bosch :
_bintelectual orgánico.De la ética del escritor a la ética del político /
_cManuel Jofré ; prólogo Roberto Reyes Tarazona.
260 _a Lima :
_bUniversidad Ricardo Palma;
_beditorial universitaria,
_c2012.
300 _a141 p. ;
_c21 cm.
500 _aIncluye datos biográficos del autor en la solapa de la cubierta
500 _aIncluye referencias bibliográficas y notas al pie de las páginas
504 _aBibliografía : p. 139-141
505 0 _aPalabras preliminares / Rafael Julián -- Prólogo / Roberto Reyes Terazona -- Imagen del Caribe y América Latina en los cuentos de Juan Bosch: Patria y exilio, -- Antecedentes -- Introducción: vida y escritura -- Cuentos escritos antes del exilio -- Cuentos escritos en el exilio -- Más cuentos escritos en el exilio -- La imagen de la gran América en la narración breve de Juan Bosch -- . El desarrollo de la teoría del cuento de Juan Bosch -- Antecedentes -- Conclusiones -- Juan Bosch, el intelectual orgánico y la carta del confinamiento -- Bosch y la pluralidad de voces -- Teoría y práctica en un intelectual integral--Breve antología de textos de Juan Bosch.
590 _aInventariado, 2023/VM
600 1 4 _a Bosch, Juan
_d1909-2001
_xCrítica e interpretación
700 1 _aReyes Tarazona, Roberto,
_eprólogo
910 _aVMateo V. Control de caldiad (BPMSU)
942 _2ddc
_cBK
999 _c14364
_d14364